| 000 | 00638nam a22001697a 4500 | ||
|---|---|---|---|
| 005 | 20120502124020.0 | ||
| 008 | 120502t xxu||||| |||| 00| 0 eng d | ||
| 020 |
_c175.00 _a8120312147 |
||
| 035 | _aA-933586 | ||
| 040 |
_aDPL _bENG |
||
| 100 |
_946210 _aClymer kenton J. |
||
| 245 |
_aQuest for freedom: The United state and India's indeendence. / _c by Kenton J Clymer |
||
| 260 |
_aNew Delhi _bPHI _c1997 |
||
| 300 |
_aviii, 393p. _c23cm |
||
| 942 |
_2ddc _cEN _h327.73054 _mCLY |
||
| 999 |
_c66012 _d66012 |
||